[Event "Belgrade Investbank"]
[Site "Belgrade"]
[Date "1995.??.??"]
[Round "8"]
[White "Shirov, Alexei"]
[Black "Timman, Jan H"]
[Result "1-0"]
[WhiteElo "2695"]
[BlackElo "2595"]
[Annotator "Shirov,A"]
[PlyCount "75"]
[EventDate "1995.11.??"]
[EventType "tourn"]
[EventRounds "11"]
[EventCountry "YUG"]
[EventCategory "17"]
[SourceTitle "CBM 051"]
[Source "ChessBase"]
[SourceDate "1996.04.01"]
[SourceVersion "1"]
[SourceVersionDate "1996.04.01"]
[SourceQuality "1"]

1. e4 {Wedberg} e5 2. Nf3 Nc6 3. Bb5 {After successful try against Peter Leko
in the same tournament I decided that it is already time to employ this
opening regularly.} a6 4. Ba4 Nf6 5. O-O Be7 6. Re1 b5 7. Bb3 d6 8. c3 O-O 9.
h3 Na5 10. Bc2 c5 11. d4 Qc7 12. Nbd2 cxd4 13. cxd4 Bb7 14. d5 {A logical move
when you don't know much theory. Now the knight on a5 and the bishop on b7 are
no the best pieces on the board.} Rac8 15. Bb1 (15. Bd3 {Wedberg} Nd7 16. Nf1
f5 17. Ng3 $1 f4 18. Nf5 $1 $16 {Leko,P-Gomez Esteban,M/Pamplona/1993}) 15...
Nh5 16. Nf1 Nf4 {[#]} 17. Bxf4 {A new move although the known} (17. Kh2 {
(Thipsay,P - Littlewood,P, Commonwealth (ch) 1985) might have been a better
idea. I nearly blundered}) (17. Ne3 $4 Qxc1 {and when I finally saw it I
played my move almost without thinking.}) 17... exf4 18. Bd3 Bf6 (18... Nc4 $5
{Wedberg}) 19. Qe2 {Consistent but it allows Black a nice opportunity.} (19.
Rb1 $14 {should have been preferred, and if now} Nc4 {then simple} 20. Bxc4 {.}
) 19... Qc5 $1 (19... Nc4 $142 {Wedberg} 20. Rac1 Qb6 21. b3 Ne5) 20. Rac1 Qb4
{I could not believe that Black can allow} (20... Qxc1 $2 {Wedberg} 21. Rxc1
Rxc1 22. Qd2 $18) 21. b3 {so easily. But the Queen stands excellently on b4.
פa5} Rfe8 {Both} (21... g6 $5 {and}) (21... h6 $5 {also deserved attention})
22. Rxc8 Bxc8 $5 {During the game I thought that this was bad because of the
way it actually followed. But in fact the things are not that easy.} (22...
Rxc8 23. Rb1 {(but not} (23. e5 $6 dxe5 24. Nxe5 g6 $15 {) would lead to a
quieter play})) 23. Qc2 $1 {[#]} Qc3 $2 {But this is a mistake. After the game
Timman pointed out that he had a very interesting two pawns sacrifise e.g.} (
23... Nb7 $1 24. Qc6 Rd8 25. Qxa6 Nc5 26. Qxb5 Qc3 {and White has no advantage
for example:} 27. Bb1 (27. Be2 Nxe4 28. Bc4 Bd7 29. Qb6 Ng5 30. N1d2 Nxf3+ 31.
Nxf3 g5 32. Be2 Bf5 $44) (27. Bc4 Ba6 (27... Bxh3 $2 28. e5 Bd7 29. Qb6 $18)
28. Qc6 (28. Qb6 Bxc4 29. e5 Bxd5 30. exf6 Qxf6 $10) 28... Bxc4 29. bxc4 Qxc4
$44) 27... Bxh3 28. b4 (28. N1h2 Bc8 $44 {) and now not}) 28... Nd7 (28... Bd7
$2 29. Qb6 Na4 (29... Bg4 30. bxc5 Bxf3 31. e5 $3 dxe5 32. gxf3 Qxe1 33. c6 $18
) 30. Qxd6 Bg4 31. Qxf4 Bxf3 32. Re3 $1 Qxb4 (32... Qc1 33. Rxf3 Qxb1 34. e5
$18) 33. Rb3 Qe1 34. Qxf3 Nc3 35. Bd3 Nxa2 36. Rb7 $16 {but}) 29. N1h2 Ne5 30.
gxh3 Nxf3+ 31. Nxf3 Qxf3 32. Qd3 Qh5 {with excellent compensation}) 24. Rc1
Qxc2 25. Rxc2 {Now White is clearly better.} b4 26. Rc7 {Black's problem is
still the same as in the opening-the knight and the White squared bishop.} Bb7
27. N1d2 Kf8 28. Kf1 Re7 (28... h6 29. Rd7 {would lead to the similar thing.})
29. Rxe7 Kxe7 30. Ke2 {White's plan is very simple -to grab the pawn b4. He
only must be careful about f7-f5} Bc3 31. Nb1 Ba1 32. Ne1 {><b4} f5 {Already
at home I discovered that Black could put tougher resistance by sacrifising a
piece e.g.} (32... Bd4 33. Nc2 Bc5 34. Nd2 f5 35. a3 fxe4 36. Bxe4 bxa3 37. b4
a2 38. bxa5 (38. bxc5 dxc5 {is less clear because Black king might sometimes
become very active.}) 38... Bd4 39. Nb3 Bb2 {but it seems to me that White is
still winning after} 40. Kd3 Bc8 41. Kc4 Bd7 42. Kb4 $18) 33. Nc2 fxe4 34. Bxe4
Bf6 35. Nxb4 h6 36. Bd3 Bd4 37. Nc2 {Going for a piece e.g. 37...Be5 38.b4+-}
Ba7 38. Nc3 {But now it is even not necessary as the text is a lot easier. Not
every day I win a positional game like this.} (38. Nc3 {Wedberg} Bc8 39. b4 Nb7
40. Bxa6 $18) 1-0

[Event "Donner Memorial"]
[Site "Amsterdam"]
[Date "1996.08.23"]
[Round "6"]
[White "De Firmian, Nick E"]
[Black "Piket, Jeroen"]
[Result "1/2-1/2"]
[WhiteElo "2575"]
[BlackElo "2580"]
[Annotator "Tisdall,J"]
[PlyCount "112"]
[EventDate "1996.08.17"]
[EventType "tourn"]
[EventRounds "11"]
[EventCountry "NED"]
[EventCategory "16"]
[SourceTitle "CBM 055"]
[Source "ChessBase"]
[SourceDate "1996.12.01"]
[SourceVersion "1"]
[SourceVersionDate "1996.12.01"]
[SourceQuality "1"]

1. e4 e5 2. Nf3 Nc6 3. Bb5 a6 4. Ba4 Nf6 5. O-O Be7 6. Re1 b5 7. Bb3 d6 8. c3
O-O 9. h3 Na5 10. Bc2 c5 11. d4 Qc7 12. Nbd2 cxd4 13. cxd4 Bd7 14. Nf1 Rac8 15.
Ne3 Nc6 16. d5 {The move with the best theoretical reputation. The most
popoular laternative has not made much of an impression on black recently:} (
16. a3 $6 Nxd4 17. Nxd4 exd4 18. Qxd4 d5 $1 {/\ Bc5 >< Bc2} 19. e5 (19. exd5 $4
Bc5 20. Qd3 Bxe3 21. Bxe3 Qxc2 $19) 19... Bc5 20. Qf4 Rfe8 $1 21. Nf5 $1 (21.
Nf1 Nh5 22. Bxh7+ $6 Kxh7 23. Qxf7 Rxe5 $1 24. Rxe5 Qxe5 25. Qxd7 Bxf2+ $1 26.
Kxf2 Rf8+ 27. Kg1 Qe1 {0-1/Vogt,L-Cladouras,P/Budapest/1989/}) 21... Nh5 (21...
Bxf2+ $2 22. Qxf2 Qxc2 23. Qxc2 Rxc2 24. Ne3 Rc7 25. exf6 d4 26. fxg7 dxe3 $10
{Klovans,J-Cladouras,P/Bern op (5) 1993/1/2-1/2 (63)}) 22. Qf3 Bxf2+ $1 (22...
Rxe5 23. Bd2 $1 $36 {Wedberg}) 23. Qxf2 Qxc2 24. Qxc2 Rxc2 25. Ne3 Rc6 26. Nxd5
Rc5 {0-1 Hartman,C-Hansen,LB/Copenhagen PC (06) ;CBM 54 1996 (52)}) 16... Nb4
17. Bb1 a5 18. a3 Na6 19. b4 Ra8 (19... axb4 20. axb4 Nxb4 $2 21. Bd2 $18) (
19... Qb7 {threatens to take on b4 and is a solid alternative.} 20. Bd2 Bd8 21.
Bd3 axb4 22. axb4 Bb6 23. Qe2 Nc7 24. Nh4 g6 25. g4 Ra8 26. Bc3 Rxa1 27. Rxa1
Ra8 28. Rxa8+ Qxa8 29. Nhg2 Qa7 30. Qb2 Nfe8 $10 {Ciemniak,P-Dworakowski,L/
POL-chT Lubniewice (07) ;EXT 95ch 1995/1/2-1/2 (62)}) (19... g6 $5 {tries to
gain access to h5-f4 for the black knight.} 20. Kh2 Nh5 21. Bd2 a4 $6 {This
greatly reduces the prospects of the Na6, but black intends to shift
everything to the kingside. However, this plan seems less reliable than
postponing kingside play and first concentrating on the a- and c-files.} 22. g3
Ng7 23. g4 Kh8 24. Rg1 Qb6 25. Qe2 Nc7 26. Bd3 Qb7 27. Rg2 f5 28. gxf5 gxf5 29.
Rag1 $36 {Garcia Vera,R-Vinuesa,J/Rosario 1939/0-1 (61)}) 20. Bd2 Rfc8 21. g4 {
A drastic new idea that does not succeed in doing much more than creating
minor weaknesses on white's kingside.} (21. Bd3 {is the main line, with good
results for white.} axb4 22. axb4 Qb7 23. Nh2 (23. Ra5 {was suggested by Anand
after his game with Piket.} Nc7 (23... Bd8 $5 {looks much more solid. jt}) 24.
Qe2 Rxa5 25. bxa5 Na6 26. Rb1 Nc5 27. Nf5 Bf8 {Why not} (27... Bxf5 $1 {
? This looks excellent for black. jt}) 28. Bxb5 Bxb5 29. Rxb5 Qa6 {Anand} 30.
Rxc5 $5 Qxe2 31. Rxc8 {looks interesting for white here, but black clearly has
several improvements earlier. jt}) (23. Qe2 g6 $5 (23... Nh5 $5 {seems like a
natural alternative since both Anand and deFirmian prevented this move.} 24.
Nf5 $5 Bxf5 25. exf5 Nc7 26. Rxa8 Rxa8 27. Nxe5 $1 {leads to interesting
complications:} (27. Nd4 $5) 27... dxe5 28. Qxh5 Qxd5 29. f6 Qxd3 (29... g6 30.
Qe2) 30. fxe7 Qxd2 31. Rd1 Qc3 $1 (31... Qa2 32. Rd8+ Ne8 33. Qf3) (31... Qxb4
32. Rd8+ Ne8 33. Rxa8) 32. Rd8+ Ne8 33. Rxa8 (33. Qf3 Qxf3 34. gxf3 Ra1+ 35.
Kg2 f6 $10) 33... Qc1+ $10) 24. Nh2 Nc7 25. Nhg4 Nxg4 26. Nxg4 h5 $6 27. Ne3
Rxa1 28. Rxa1 Ra8 29. Rf1 Ra2 30. Nc2 Ne8 31. f4 $36 {Sax-Hardicsay/Hungary tt
YB/6 1986/1-0 (59)}) 23... Nc7 24. Nhf1 $6 (24. Qe2 Rxa1 25. Rxa1 Ra8 26. Rxa8+
Qxa8 27. Nhg4 Nxg4 28. hxg4 g6 $13 {Anand}) 24... Rxa1 $1 25. Qxa1 Nh5 26. Nc2
$2 (26. Be2 Nf4 27. Bg4 Bxg4 28. hxg4 {Anand}) 26... f5 $1 27. exf5 (27. f3
fxe4 28. fxe4 Nf4 29. Bxf4 exf4 $17 {Anand}) 27... Nxd5 28. Nfe3 Kh8 29. Bf1
Nhf6 30. Rd1 Nb6 $36 {Anand,V-Piket,J/Amsterdam VSB (04) ;CBM 35 1993/1-0 (61)}
) (21. bxa5 Nc5 22. Nf1 Qb7 {and black will regain his pawn comfortably with ..
..Bd8.}) (21. Nh2 Qa7 $5 {This seems like a detour from the normal square b7,
but white has to beware of the possibility of ...Qd4 in the meantime.} 22. Ra2
Bd8 23. Qe2 Qb7 24. g4 g6 25. Nhf1 axb4 26. axb4 Nc7 27. Ng3 Rxa2 28. Bxa2 Nfe8
29. Ng2 Na8 30. Bb3 Nb6 $132 {Short,N-Westerinen,H/Solingen ;TD 86\01 1986/1-0
(60)}) 21... g6 22. Bd3 Qb7 23. Kg2 (23. Kh2 $5) 23... Bd8 24. Ng1 axb4 25.
axb4 Nc7 26. Ne2 Rxa1 27. Qxa1 Ra8 28. Qc1 Nfe8 29. f4 exf4 30. Nxf4 Bf6 (30...
Bg5 $5 31. Rf1 Ng7 $15) 31. Bc3 Be5 32. Rf1 Qb6 33. Bxe5 dxe5 34. Ne2 {At
first sight the passed d-pawn and outpost on c5 look potentially promising for
white, but the b4 pawn is in fact the relevant weakness here.} Qd6 (34... Na6
$5 35. Qd2 Rc8 $15 (35... Nxb4 36. Qxb4 Qxe3 37. Qe7 $36)) 35. Qd2 (35. Qc5 $5
Ra3 (35... Na6 36. Qxd6 Nxd6 37. Rf6) 36. Nc1 (36. Rd1 Na6 37. Qxd6 Nxd6 38.
Nc2 Rb3) 36... Kg7 $15 (36... Na6 $5 37. Qxd6 Nxd6 38. Rf6 Nc8 (38... Nxb4 39.
Rxd6 Nxd3 40. Nxd3 Rxd3 41. Kf2 Be8 42. Rd8 Kf8 43. d6 $16) 39. Nc2 Ra4 40. Nb3
$132)) 35... Ra4 36. Nc2 Ra6 {/\ ...Nxd5.} (36... Nxd5 $6 37. exd5 Qxd5+ 38.
Kg1 e4 (38... Bc6 39. Ng3) 39. Nc3 Qxd3 40. Qxd3 (40. Qf4 $5) 40... exd3 41.
Nxa4 bxa4 $13) 37. Qe3 f5 $5 38. exf5 {White must be careful both of the
sudden opening of the position, and of gaining long term problems on the dark
squares. An example of how quickly the position can turn against him:} (38.
gxf5 gxf5 39. exf5 (39. Kh2 $5) 39... Nxd5 40. Qg3+ Ng7 41. Kh2 Nf6 {and the
threats of ...e4 and/or ...Nh5 are too much for white to handle.}) 38... Nxd5
39. Qc5 Ndf6 40. Qxd6 Rxd6 41. Nc1 e4 $15 42. Be2 gxf5 43. gxf5 {White has
nearly solved the problems with his bad bishop. Black retains the initiative,
but the position has become too simplified for white to be in mortal danger.}
Ng7 44. Ne3 Rd4 45. Na2 Kf8 46. Rd1 $1 {White shortens an unpleasant defensive
task with a long drawing combination.} Rxd1 47. Bxd1 Nxf5 48. Nxf5 Bxf5 49. Nc3
Bd7 50. Be2 Ke7 51. Kg3 Kd6 52. Bxb5 Bxb5 53. Nxb5+ Kd5 54. Kf4 Kc4 55. Nd6+
Kd3 56. Nxe4 $1 Nxe4 1/2-1/2

[Event "Valle d'Aosta op 9th"]
[Site "Saint Vincent"]
[Date "2001.02.11"]
[Round "9"]
[White "Volzhin, Alexander"]
[Black "Flores, Diego"]
[Result "1-0"]
[WhiteElo "2539"]
[BlackElo "2359"]
[Annotator "Volzhin,A"]
[PlyCount "95"]
[EventDate "2001.02.03"]
[EventType "swiss"]
[EventRounds "9"]
[EventCountry "ITA"]
[SourceTitle "EXT 2004"]
[Source "ChessBase"]
[SourceDate "2003.11.25"]
[SourceVersion "1"]
[SourceVersionDate "2003.11.25"]
[SourceQuality "1"]

1. e4 e5 2. Nf3 Nc6 3. Bb5 a6 4. Ba4 Nf6 5. O-O Be7 6. Re1 b5 7. Bb3 d6 8. c3
O-O 9. h3 Na5 10. Bc2 c5 11. d4 Qc7 12. Nbd2 cxd4 13. cxd4 Nc6 14. Nb3 a5 15.
Be3 a4 16. Nbd2 Nb4 {The same positiom may also arise after} (16... Be6 17. a3
Na5 18. Bd3 Qb8 19. Qe2 Bd7) 17. Bb1 Bd7 18. a3 Nc6 19. Bd3 Na5 20. Qe2 Qb8 21.
Rec1 {Now it is generaly agreed this move is superior to 21.Rac1.} Re8 22. Rab1
$1 {THis is White's idea. He is planning to open files on the q-side aiming
for weak b5-pawn.} exd4 $6 ({In my opinion,} 22... Bf8 {is stronger.} 23. dxe5
$5 (23. b4 $6 axb3 24. Nxb3 Nxb3 25. Rxb3 exd4 26. Bxd4 Qd8 27. Qb2 Nxe4 28.
Bxb5 Bxb5 29. Rxb5 Nc5 {with good prospects for Black, Klovans,J-Beliavsky,A/
Groningen 1992/CBM 34 (40)}) (23. Nh4 $6 g6 24. Bg5 Nh5 25. b4 Nc6 26. d5 Nd4
27. Qe3 f6 28. Bh6 Bxh6 29. Qxh6 Nf4 $17 {Madl,I-Sofieva,A/Belgrade 1994/EXT
97 (38)}) (23. Bg5 $1 {deserves serious attention.}) 23... dxe5 24. Bc5 Bxc5
25. Rxc5 Nb7 26. Rc3 Nd8 (26... Nd6 27. Qe3 $14 {/\ Qc5}) 27. b3 $1 {and White
is slightly better, Rodriguez,A-Eslon,J/Alcobendas 1993}) 23. Nxd4 b4 (23... d5
$6 24. exd5 $1 Nxd5 25. Bxh7+ Kxh7 26. Qh5+ Kg8 27. Qxd5 {is insufficient for
Black.}) 24. Bb5 $1 {The most logical move: the exchange of the light-squared
bishops clearly favors White.} (24. Nb5 Nc6 25. axb4 Rc8 $1 {is not dangerous
for Black.}) 24... b3 (24... d5 25. Bxd7 Nxd7 26. exd5 $18) 25. Bxd7 Nxd7 26.
Nb5 Bd8 {Losing on the spot but I can't advice Black any real improvement.} (
26... Nc5 {was palyed in Leko-Adams, 1998 where Black got nothing for the pawn
after} 27. Nxd6 Bxd6 28. Bxc5) ({Probably} 26... Rc8 {is relatively better,
after} 27. Rxc8+ Qxc8 28. Nc3 $1 Nc6 29. Nd5 {White has "only" huge positional
advantage.}) 27. Nc3 Nb7 28. Nxa4 $1 {Winning both black q-side pawns.} Rxa4
29. Qb5 Bb6 (29... Nbc5 30. Rxc5 Qxb5 31. Rxb5 $18) 30. Qxd7 Bxe3 31. Rc7 Bh6
32. Rxb7 Qa8 33. Qxf7+ Kh8 34. Nf3 Raxe4 35. Qxb3 {The rest needs no comments.
Two extra pawns secure White easy win.} Rf8 36. Rd1 Ree8 37. Rxd6 Qa5 38. Rd1
Qh5 39. Qd5 Rf5 40. Qd7 Rff8 41. Rb5 Qg6 42. Ne5 Qh5 43. Qg4 Qxe5 44. Rxe5 Rxe5
45. b4 Ree8 46. a4 Ra8 47. a5 Rfb8 48. Rd7 1-0

[Event "Excelsior Cup"]
[Site "Gothenburg"]
[Date "1998.01.08"]
[Round "2"]
[White "Rytshagov, Mikhail"]
[Black "Gausel, Einar"]
[Result "1-0"]
[WhiteElo "2550"]
[BlackElo "2555"]
[Annotator "Wedberg,T"]
[PlyCount "95"]
[EventDate "1998.01.07"]
[EventType "tourn"]
[EventRounds "9"]
[EventCountry "SWE"]
[EventCategory "9"]
[SourceTitle "CBM 063"]
[Source "ChessBase"]
[SourceDate "1998.03.26"]
[SourceVersion "1"]
[SourceVersionDate "1998.03.26"]
[SourceQuality "1"]

{Rytshagov improves on a previous game by not offering a draw on move 23. He
quickly gets the upper hand and concludes the game with a neat attack on the
dark squares.} 1. e4 e5 2. Nf3 Nc6 3. Bb5 a6 4. Ba4 Nf6 5. O-O Be7 6. Re1 b5 7.
Bb3 d6 8. c3 O-O 9. h3 Na5 10. Bc2 c5 11. d4 Qc7 12. Nbd2 cxd4 13. cxd4 Nc6 14.
Nb3 a5 15. Be3 a4 16. Nbd2 Bd7 17. Rc1 Qb7 18. Qe2 Rfe8 19. Bd3 Rab8 20. a3 (
20. dxe5 dxe5 21. Bc5 Nh5 22. g3 Bxc5 23. Rxc5 Qb6 24. Rec1 $14 {1-0
Ljubojevic,L-Timman,J/Bugojno 1982/MCD-r8 (43)}) 20... exd4 (20... h6 21. dxe5
dxe5 22. Bc5 Nh5 23. Bxe7 Nf4 24. Qe3 Rxe7 25. Rc5 Nxd3 26. Qxd3 b4 27. Rec1
$14 {1-0 Spassky,B-Torre,E/Hamburg TV-B 1982/MCD-r8 (61)}) (20... Bd8 21. dxe5
Nxe5 22. Bb1 Ba5 23. Bg5 Nxf3+ 24. Qxf3 Bc6 25. Bxf6 Bxd2 26. Qg3 g6 27. Qxd6
Bxc1 28. Rxc1 Bxe4 29. Qf4 $40 {1-0 Timman,J-Byrne,R/Wijk 1980/MCD-r8 (34)})
21. Nxd4 Ne5 22. Bb1 Bd8 23. N4f3 {This is a kind of novelty. In it's first
outing the move was accompanied by a draw offer, which was accepted in Almasi,
Z-vd Sterren,P/BL9596/1996.} Ba5 (23... Nxf3+ 24. Qxf3 Ba5 25. Qg3 Rbc8 (25...
Bxd2 $6 26. Bxd2 Nxe4 $2 27. Bxe4 Rxe4 28. Bc3 Rxe1+ 29. Rxe1 g6 30. Qxd6 $18)
26. Rxc8 Qxc8 27. Bg5 $14) (23... Ng6 $5 {Keeping the P on d6. Thereby
controlling c5 and preserving options like d6-d5 or just pressuring e4.}) 24.
Nxe5 dxe5 {This intuitively looks almost even, but practice has shown that
this type of P-formation often favours White. The square c5 is a stronghold
for White's pieces, giving him command over the entire c-file.} (24... Rxe5 $6
25. Bd4 Re6 26. Ba2 Bxd2 27. Qxd2 Nxe4 28. Qf4 $16) 25. Red1 Bc6 26. b4 $1 Bd8
(26... axb3 27. Nxb3 Bb6 28. Bxb6 Qxb6 29. Rd6 Rbc8 30. Qc2 $16) 27. Bc5 Bc7
28. Ba2 $16 Rbd8 29. f3 Nh5 30. Nf1 Nf4 31. Qc2 Rxd1 32. Rxd1 Ne6 33. Bxe6 $1
Rxe6 34. Ne3 g6 35. Rd3 h5 36. Qd2 Qc8 37. Nd5 Kg7 (37... Bd8 38. Ne7+ Bxe7 39.
Bxe7 Be8 40. Rd8 Qc6 41. Bc5 $16) 38. Nxc7 Qxc7 39. Kh1 Be8 40. Rd8 Qc6 41. h4
Qc7 42. Kh2 Qc6 43. Qd5 Qc7 44. Bd6 Qc3 45. Qc5 Qb2 $2 (45... Qxc5 $142 46.
bxc5 $16) 46. Bf8+ Kh7 47. Be7 Rc6 48. Rxe8 $1 (48. Rxe8 $1 Rxc5 49. Bf6 g5 50.
Rh8+ Kg6 51. hxg5 Rc2 52. Rh6#) 1-0

[Event "KasparovChess GP g/60"]
[Site "Internet"]
[Date "2000.02.20"]
[Round "4.1"]
[White "Kasparov, Garry"]
[Black "Piket, Jeroen"]
[Result "1/2-1/2"]
[WhiteElo "2851"]
[BlackElo "2633"]
[Annotator "Wedberg,T"]
[PlyCount "97"]
[EventDate "2000.02.09"]
[EventType "k.o."]
[EventRounds "4"]
[EventCountry "NET"]
[SourceTitle "CBM 076"]
[Source "ChessBase"]
[SourceDate "2000.05.31"]
[SourceVersion "1"]
[SourceVersionDate "2000.05.31"]
[SourceQuality "1"]

1. e4 e5 2. Nf3 Nc6 3. Bb5 a6 4. Ba4 Nf6 5. O-O Be7 6. Re1 b5 7. Bb3 d6 8. c3
O-O 9. h3 Na5 10. Bc2 c5 11. d4 Qc7 12. Nbd2 Bd7 13. Nf1 cxd4 14. cxd4 Rac8 15.
Ne3 Nc6 16. d5 Nb4 17. Bb1 a5 18. a3 Na6 19. b4 {This move has been attributed
to Vlastimil Jansa, but it was actually played by Garcia Vera already in 1939.
The idea is to keep the N from c5.} Ra8 (19... g6 20. Kh2 Nh5 21. Bd2 a4 22. g3
Ng7 23. g4 Kh8 24. Rg1 Qb6 25. Qe2 Nc7 26. Bd3 Qb7 27. Rg2 f5 28. gxf5 gxf5 29.
Rag1 $36 {Garcia Vera,R-Vinuesa,J/Rosario 1939/0-1 (61)}) (19... axb4 20. axb4
Nxb4 $2 21. Bd2 {is the well known trap set up with 19.b4.}) 20. Bd2 Rfc8 21.
Bd3 Qb7 22. g4 (22. Qb1 Nh5 23. Bf1 axb4 24. axb4 Nc7 25. Rc1 {1/2-1/2 Galkin,
A-Obukhov,A/Perm 1997/CBM 58 (25)}) 22... g6 23. Nf1 $146 (23. Kg2 Bd8 24. Ng1
axb4 25. axb4 Nc7 26. Ne2 Rxa1 27. Qxa1 Ra8 $132 {1/2-1/2 De Firmian,N-Piket,J/
Amsterdam 1996/CBM 55/[Tisdall] (56)}) 23... axb4 24. axb4 Bd8 25. Ng3 Nc7 26.
Qe2 Rxa1 27. Rxa1 Ra8 28. Qe1 Nfe8 29. Qc1 Ng7 30. Rxa8 Qxa8 31. Bh6 Nce8 32.
Qb2 {White is clearly eying the e5-P.} Qa4 33. Kg2 Bb6 34. Bc2 Qa7 35. Bd3 Qa4
36. Ne2 Nc7 $2 {Giving White the opportunity he has been looking for. Without
this mistake it would have been quite difficult for White to make progress.
Even though his space advantage offers him long term possibilities.} (36... Qa7
37. Nc3 $14) 37. Nxe5 $1 dxe5 38. Qxe5 Nce8 39. Bxg7 Qd1 (39... Nxg7 40. Qb8+
$18) 40. Bh6 Qxd3 41. Qe7 Ng7 42. Ng3 $2 (42. Qxd7 $1 {This was acknowledged
as winning for White by both the contestants after the game.} Qxe4+ 43. Kf1
Qb1+ 44. Bc1 Qxb4 45. d6 $16) 42... Qc2 $1 {[%mdl 256]} 43. Qf6 Nf5 $1 {
A beautiful defence. Not so easy to spot in advance in a speed game.} 44. Qxb6
$8 Nh4+ 45. Kh2 Nf3+ 46. Kg2 Nh4+ 47. Kh2 Nf3+ 48. Kg2 Nh4+ 49. Kh2 1/2-1/2

[Event "Escaldes zt"]
[Site "Escaldes"]
[Date "1998.11.07"]
[Round "2"]
[White "Illescas Cordoba, Miguel"]
[Black "Miralles, Gilles"]
[Result "1/2-1/2"]
[WhiteElo "2605"]
[BlackElo "2515"]
[Annotator "Wedberg,T"]
[PlyCount "103"]
[EventDate "1998.11.06"]
[EventType "swiss"]
[EventRounds "9"]
[EventCountry "AND"]
[SourceTitle "CBM 068"]
[Source "ChessBase"]
[SourceDate "1999.02.01"]
[SourceVersion "1"]
[SourceVersionDate "1999.02.01"]
[SourceQuality "1"]

1. e4 {Hecht} e5 2. Nf3 Nc6 3. Bb5 a6 4. Ba4 Nf6 5. O-O Be7 6. Re1 b5 7. Bb3 d6
8. c3 O-O 9. h3 Na5 10. Bc2 c5 11. d4 Qc7 12. Nbd2 Bd7 13. Nf1 Rfe8 14. b3 cxd4
15. cxd4 Rac8 16. Ne3 Bf8 (16... exd4 17. Nxd4 Nc6 (17... Bf8 18. Bb2 Qd8 19.
Ndf5 Bxf5 20. Nxf5 g6 21. Ne3 Bg7 22. Qd2 Nb7 23. b4 $16 {1-0 Spassky,B-Keres,
P/Riga 1965/Candidates (43)}) 18. Bb2 Nxd4 19. Bxd4 Qb7 20. Qd3 g6 21. Rad1 Rc6
22. Ba1 Qa7 23. Bb1 Bd8 24. Nd5 $16 {1-0 Popovic,P-Smyslov,V/Ljubljana 1985/
MCL (30)}) 17. Bb2 (17. Re2 exd4 18. Nxd4 g6 19. Bb2 Bg7 20. Qe1 Nc6 21. Rd1
Nxd4 22. Bxd4 Be6 23. f4 Qe7 24. g4 $36 {1-0 Kavalek,L-Bisguier,A/Netanya 1971/
EXT 98 (41)}) 17... Nc6 18. Rc1 Qa7 19. d5 {This move seldom leads to any
advantage for White. Black can defend more easily when the tension is released
in the centre.} (19. Nd5 $5 Nxd5 20. exd5 Nxd4 21. Nxd4 exd4 22. Rxe8 Rxe8 23.
Bxd4 Qb7 24. Bb2 $36 {/\Qd3-d4}) 19... Ne7 20. Nh2 Ng6 21. Nhg4 Be7 22. g3 Nxg4
23. hxg4 Bg5 $11 24. Bd3 Rxc1 25. Bxc1 Rc8 26. Bb2 Qb6 27. Kg2 Nf8 28. Nf5 Bxf5
29. gxf5 Nd7 30. b4 h6 31. Re2 Qb7 32. a4 Nb6 $1 33. axb5 axb5 34. Bxb5 Nc4 35.
Bxc4 Rxc4 36. Qa4 Rxb4 37. Qe8+ Kh7 38. Rc2 Rxb2 39. Rc8 Qxc8 $1 $11 40. Qxc8 {
Hecht: '[#] In Windeseile baut sich Schwarz eine uneinnehmbare Festung auf.'}
Be3 41. Qd7 Rxf2+ 42. Kh3 Bc5 43. Qxf7 Rf1 44. Qg6+ Kh8 45. Qe8+ Kh7 46. Qg6+
Kh8 47. Kg4 Rf2 48. Qh5 Kh7 49. Qg6+ Kh8 50. Qh5 Kh7 51. Qh1 Bd4 52. Qh5
1/2-1/2